Seminario web UISEK, Economa̕ Circular como propuesta para un Modelo de Desarrollo Sostenible Post Covid
Este seminario web aborda aspectos como la agenda de desarrollo sostenible 2030, economa̕ circular, vn̕culo entre economa̕ circular y los objetivos de desarrollo sostenible, oportunidades de la economa̕ circular
Guardat en:
| Altres autors: | |
|---|---|
| Format: | Llibre |
| Idioma: | espanyol |
| Matèries: | |
| Accés en línia: | Seminario web UISEK, Economa̕ Circular como propuesta para un Modelo de Desarrollo Sostenible Post Covid |
| Etiquetes: |
Afegir etiqueta
Sense etiquetes, Sigues el primer a etiquetar aquest registre!
|
MARC
| LEADER | 00000nam a22000004a 4500 | ||
|---|---|---|---|
| 001 | vpro22208 | ||
| 005 | 20201223000000.0 | ||
| 008 | 200801s2020 ck # g## #001 0#spa#d | ||
| 020 | |||
| 022 | |||
| 040 | |a CO-BoINGC | ||
| 041 | 0 | |a spa | |
| 245 | 1 | 0 | |a Seminario web UISEK, Economa̕ Circular como propuesta para un Modelo de Desarrollo Sostenible Post Covid |
| 246 | |a Webinar: circular economy as a model of sustaineble development post pandemia. | ||
| 264 | |a Bogot ̀(Colombia) : |b Revista VirtualPRO, |c 2020 | ||
| 520 | 3 | |a Este seminario web aborda aspectos como la agenda de desarrollo sostenible 2030, economa̕ circular, vn̕culo entre economa̕ circular y los objetivos de desarrollo sostenible, oportunidades de la economa̕ circular | |
| 650 | \ | \ | |a Sostenibilidad |
| 650 | \ | \ | |a Economa̕ verde |
| 650 | \ | \ | |a Economa̕ |
| 650 | \ | \ | |a Desarrollo sostenible |
| 650 | \ | \ | |a Sustainability |
| 650 | \ | \ | |a Green economy |
| 650 | \ | \ | |a Economics |
| 650 | \ | \ | |a Sustainable development |
| 650 | \ | \ | |a Desarrollo sostenible |
| 650 | \ | \ | |a Economa̕ circular |
| 650 | \ | \ | |a Sostenibilidad <U+0009> |
| 650 | \ | \ | |a Sustainable development |
| 650 | \ | \ | |a Circular economy |
| 650 | \ | \ | |a Sustainability |
| 700 | \ | \ | |a Youtube |
| 856 | |z Seminario web UISEK, Economa̕ Circular como propuesta para un Modelo de Desarrollo Sostenible Post Covid |u https://virtualpro.unach.elogim.com/biblioteca/seminario-web-uisek-economia-circular-como-propuesta-para-un-modelo-de-desarrollo-sostenible-post-covid | ||